Técnica del lanzado / (Record no. 87221)

MARC details
000 -LEADER
campo de control de longitud fija 00623nam a2200205 i 4500
001 - NÚMERO DE CONTROL
campo de control 87221
003 - IDENTIFICADOR DE NÚMERO DE CONTROL
campo de control ES-MaACL
005 - FECHA Y HORA DE LA ÚLTIMA TRANSACCIÓN
campo de control 20230906175624.0
007 - CAMPO FIJO DE DESCRIPCIÓN FÍSICA--INFORMACIÓN GENERAL
campo de control de longitud fija t|
008 - DATOS DE LONGITUD FIJA--INFORMACIÓN GENERAL
campo de control de longitud fija 041220s1957 sp ||||1| spa d
100 1# - ENTRADA PRINCIPAL--NOMBRE DE PERSONA
Nombre de persona Knight, John Alden.
9 (RLIN) 68345
245 10 - MENCIÓN DEL TÍTULO
Título Técnica del lanzado /
Mención de responsabilidad, etc. John Alden Knight ; [versión española de C. Díaz Andrés].
260 ## - PUBLICACIÓN, DISTRIBUCIÓN, ETC.
Lugar de publicación, distribución, etc. Barcelona :
Nombre del editor, distribuidor, etc. Editorial Hispano Europea,
Fecha de publicación, distribución, etc. [1957]
300 ## - DESCRIPCIÓN FÍSICA
Extensión 101 p., 1 lám. :
Otras características físicas il. ;
Dimensiones 20 cm.
490 1# - MENCIÓN DE SERIE
Mención de serie Herakles
700 1# - ENTRADA AGREGADA--NOMBRE PERSONAL
Nombre de persona Díaz Andrés, C.
9 (RLIN) 44173
830 0# - PUNTO DE ACCESO ADICIONAL DE SERIE-TÍTULO UNIFORME
Título uniforme Herakles
9 (RLIN) 180867
852 ## - LOCALIZACIÓN
Ubicación ES-MaACL
Número de control de estantería C-13829
Sublocalización o colección R.40882
Holdings
Estatus retirado Estado de pérdida Estado de daño No para préstamo Biblioteca de origen Biblioteca actual Ubicación en estantería Fecha de adquisición Fuente de adquisición Total de préstamos Signatura topográfica completa Código de barras Visto por última vez Precio de reemplazo Tipo de ítem Koha
        Biblioteca del Ateneo de Madrid Biblioteca del Ateneo de Madrid Sala Palomar 17/01/2008     C-13829 1091127 23/02/2023 23/02/2023 Libro impreso